书目信息 |
| 题名: |
热工学
|
|
| 作者: | 王补宣 , 王家桢 主编 | |
| 分册: | ||
| 出版信息: | 北京 人民教育出版社 1961 |
|
| 页数: | 343页 | |
| 开本: | 21cm | |
| 丛书名: | ||
| 单 册: | ||
| 中图分类: | TK1 | |
| 科图分类: | ||
| 主题词: | 热工学 , 热力工程 , 热机 | |
| 电子资源: | ||
| ISBN: | ||
| 000 | 00684nam0 2200265 45 | |
| 001 | 0184016255 | |
| 005 | 20060427163900.45 | |
| 010 | @dCNY1.40 | |
| 100 | @a19950619d1961 em y0chiy0121 ea | |
| 101 | 0 | @achi |
| 102 | @aCN@b110000 | |
| 105 | @af z 000yy | |
| 200 | 10 | @a热工学@Are gong xue@f王补宣,王家桢主编@Fwang bu xuan,wang jia zhen zhu bian |
| 205 | @a2版 | |
| 210 | @a北京@c人民教育出版社@d1961 | |
| 215 | @a343页@d21cm | |
| 606 | @a热工学 | |
| 606 | 0 | @a热力工程 |
| 606 | 0 | @a热机 |
| 690 | @aTK1@v3 | |
| 701 | 0 | @a王补宣@Awang bu xuan@4主编 |
| 701 | 0 | @a王家桢@Awang jia zhen@4主编 |
| 801 | 2 | @aCN@bNLC@c20060427 |
| 801 | 0 | @aCN@bTSSF |
| 905 | @a10447@dTK1@e4 | |
| 热工学/王补宣,王家桢主编.-2版.-北京:人民教育出版社,1961 |
| 343页;21cm |
| ISBN :CNY1.40 |
| ● |
| 相关链接 |
|
|
|
|
正题名:热工学
索取号:TK1/4
 
预约/预借
| 序号 | 登录号 | 条形码 | 馆藏地/架位号 | 状态 | 备注 |
| 1 | 0013369 | 202297530 | 密集书库/ [索取号:TK1/4] | 在馆 |